Calculus
-д хадгалсан:
| Үндсэн зохиолчид: | , |
|---|---|
| Формат: | Ном |
| Хэл сонгох: | англи |
| Хэвлэсэн: |
Los Angeles
Cole
1987
|
| Цуврал: | Student Solutions Manual for Stewart's
|
| Нөхцлүүд: | |
| Шошгууд: |
Шошго нэмэх
Шошго байхгүй, Энэхүү баримтыг шошголох эхний хүн болох!
|
MARC
| LEADER | 00000nam a2200000 a 4500 | ||
|---|---|---|---|
| 001 | UCK2250 | ||
| 003 | CL-VaPUC | ||
| 008 | 041229e19870000us |||||||||||||||||eng|d | ||
| 020 | |a 0534066917 | ||
| 082 | 0 | 4 | |a 515 |b AND |2 21 |
| 100 | 0 | |a Anderson, Daniel |e author |9 490053 | |
| 700 | 0 | |a Drucker, Daniel |e author |9 490054 | |
| 245 | 1 | 0 | |a Calculus |
| 300 | |a v | ||
| 942 | |c BK | ||
| 945 | |d 20041229 00:00:00 |a vberengu | ||
| 260 | |a Los Angeles |b Cole |c 1987 | ||
| 500 | |a v.1: Solutions to odd-numbered exercises | ||
| 650 | 0 | |a Cálculo |9 260234 | |
| 650 | 0 | |a Derivadas |9 354237 | |
| 650 | 0 | |a Funciones |9 263869 | |
| 650 | 0 | |a Integrales |9 260233 | |
| 583 | |a last modification |c 20171005 02:16:14 |k Rodrigo Vera | ||
| 490 | 0 | |a Student Solutions Manual for Stewart's | |
| 999 | |c 311839 |d 311837 | ||
| 952 | |0 0 |1 0 |4 0 |6 515_000000000000000_AND_1987 |7 0 |8 A |9 381511 |a BIBMAT |b BIBMAT |d 2019-11-21 |h v.1 |i 4090519 |l 2 |o 515 AND 1987 |p 4090519 |r 2025-01-07 |s 2024-09-05 |w 2019-11-21 |y BK |k MAT | ||